00694cam a22002531 4500001001300000003000400013005001700017008004100034010001700075025002100092040001800113043001200131050002300143082001000166100003400176245008100210260003600291300002500327350001000352504003000362650001900392650001200411999001700423sa 68010478 DLC20260227112552.0710426s1968 ii b 000 0 eng  asa 68010478  aPL480: I-E-10999 aDLCcDLCdDLC aa-ii---00aKNS3407b.D83 196800a347.91 aDubey, Harihar Prasad,d1922-12aA short history of the judicial systems of India and some foreign countries. aBombay,bN. M. Tripathic[1968] axliv, 655 p.c23 cm. a36.00 aBibliography: p. 617-622. 0aCourtszIndia. 0aCourts. c83407d83407